000 00311nam a22001337a 4500
008 171121b xxu||||| |||| 00| 0 eng d
020 _a9781563674457
041 _aeng
080 _25 ED
_a7
100 _a44
101 _aART
245 _aVISUAL MERCHANDISING AND DISPLAY
_cPEGLER.M.M
942 _2udc
_cBK
999 _c38280
_d38280